00473 2200193 4500001002100000005001500021008004100036020001800077035002500095041000800120082000800128090000800136100001800144245003500162250001600197260002900213300002700242650001000269INLIS00000000000151120130515121744 ind  a979-3600-48-9 a0010-051300000001511 aind aFik aFik aMoammar, Emka a365 Hari 3 Cinta 2 Selingkuhan aCetakan : 1 aJakartabGagaMediac2005 aviii, 134 hlm. ;18 cm. aFiksi